000 00733nam a2200205Ia 4500
005 20260121110031.0
008 008 260114s9999 xx 000 0 hin d
020 _a9788132354109
037 _aEBOOK
040 _aCRL
_bhin
_cCRL
041 _ahin
_2hin
084 _qCRL
100 _aराजीव गर्ग / Rajeev Garg
_9941235
245 0 _aकोशिका विज्ञान, जैव रसायन एवं माइक्रोस्कोपी / Koshika Vigyan, Jaiv Rasayan aur Microscope
260 _bभाषा प्रकाशन / Bhasha Prakashan
_c2020
856 _uhttps://bhashaprakashan.com/product-details/382571
942 _cEBOOK
999 _c1532900
_d1532900